| 000 | 00401cam a22001451 4500 | ||
|---|---|---|---|
| 082 |
_a691 _bTAT _cL-14, P-78 |
||
| 100 | 1 |
_aTate, Newman. _945363 |
|
| 245 | 0 | 4 | _aThe builder's materials. |
| 260 |
_aLondon, _bChapman and Hall, _c1947. |
||
| 300 |
_aviii, 168 p. _billus. _c25 cm. |
||
| 526 |
_a0 _b0 _c0 _d691_000000000000000_TAT |
||
| 650 | 0 | _aBuilding materials. | |
| 650 | 0 |
_aMCE _9379 |
|
| 942 |
_2ddc _cBK |
||
| 999 |
_c548911 _d548911 |
||